000 00570cam a2200193 4500
001 D8533
008 090401t1984 xxu||||| |||| 00| 0 eng d
035 _a(Sirsi) u13584
041 _aeng
050 _a016.33333
100 _aScarrett, Douglas
245 _aPractice-based market research and property indices: a bibliography of published research.../ compiled by Douglas Scarrett
250 _a2nd
260 _aLeicester
_bLeicester Polytechnic, School of Land an
_c1984
300 _aiii. 71 leaves. 30cm
350 _a5
942 _n0
948 _c04/03/1997
999 _c87115
_d87115